000 00868nam a2200253 a 4500
001 56773
003 BD-RjUL
005 20211209080430.0
008 161204s1987 pk 001 0 eng d
035 _a(BD-RjUL)56897
040 _aBD-RjUL
_beng
_cBD-RjUL
_dBD-RjUL
041 _aeng
082 _a305.697105491
_223
_bISL 1987
245 0 0 _aIslamic reassertion in Pakistan :
_bthe application of Islamic laws in a modern state /
_cAnita M. Weiss, editor ; foreword by John L. Esposito
260 _aLahore :
_bVanguard,
_c1987.
300 _axviii, 146 p. :
_bill ;
_c23 cm.
500 _aIncludes index
650 0 _aIslam and state
_zPakistan
_9129542
650 0 _aIslamic law
_zPakistan
_9166124
651 0 _aPakistan
_xPolitics and government
_y1971-1988
_9168831
700 1 _aWeiss, Anita M.
_9132621
700 1 _aEsposito, John L.
_9126500
942 _2ddc
_cBK
999 _c56773
_d56773